01462cam a22003734i 4500003000900000005001700009008004100026035001900067040003300086082002000119100002800139245012900167264004000296300003800336336002100374337002500395338002300420505046700443526001000910526001000920526001000930526001000940526000800950526000800958526000800966526000800974526000800982526000800990526000800998541001301006541001301019650002901032700002701061PE-LiUPU20250731173152.0150623s2000 spa r 000 0 spa d a(Sirsi) a28250 aPE-LiUPUbspacPE-LiUPUerda04a253.7bC73E2211 aComiskey, Joel,eautor.13aLa Explosión de los Grupos Celulares en los Hogares :bCómo un grupo pequeño en su hogar puede crecer y multiplicarse. 1aBarcelona :bEditorial Clie,c2000. a223 páginas ;c22 centímetros atext2rdacontent aunmediated2rdamedia avolume2rdacarrier0 aComo usar la guía de estudios. - Iglesias celulares exitosas. - Los fundamentos de la iglesia celular. - ¡Aflójese no necesita ser una superestrella! - ¡Ore! - Estableciendo las metas. - Levante nuevos líderes. - Atraiga a las Visitas. - Extendiéndose a otros como un equipo. - Evangelice dando soluciones. - Prepárese para un parto normal. - Entendiendo la plantación de células. - Entendiendo la multiplicación madre - hija. - Una parábola. aSEG42 aSEG41 aSEG40 aSEG39 aP94 aP87 aP86 aP85 aP77 aP76 aP35 g0001404; g0001404;04aGrupos pequeñosxIASD.1 aGoodson, Edmundo,etr.